Normal view
MARC view
Entry Personal Name
001 - CONTROL NUMBER
- control field: 39052
003 - CONTROL NUMBER IDENTIFIER
- control field: dpl
005 - DATE AND TIME OF LATEST TRANSACTION
- control field: 20120112141342.0
008 - FIXED-LENGTH DATA ELEMENTS
- fixed length control field: 120112|||a|||||| | ||| d
040 ## - CATALOGING SOURCE
- Original cataloging agency: dpl
- Transcribing agency: dpl
100 ## - HEADING--PERSONAL NAME
- Personal name: Dempsey, Paul
- Fuller form of name: (Paul K.)
670 ## - SOURCE DATA FOUND
- Source citation: Work cat.: (dpl)0: Dempsey, Paul (Paul K.), Troubleshooting & repairing diesel engines /, 2011
670 ## - SOURCE DATA FOUND
- Source citation: Work cat.: (dpl)0: Dempsey, Paul (Paul K.), Troubleshooting & repairing diesel engines /, 2011
